000 00600aam a2200241 4500
005 20260325180032.0
008 150720b1979 xxu||||| |||| 00| 0 spa d
041 _aESP
082 _a364.36 D249p5
100 _aDavid, Pedro R
_97322
245 _aSociología Criminal Juvenil
250 _a5 edición
260 _aArgentina
260 _bDepalma
260 _c1979
300 _a241 páginas
490 _aInvestigación Criminal
650 _aDELINCUENCIA JUVENIL
650 _aCRIMINOLOGÍA
650 _aSOCIOLOGIA CRIMINAL
650 _aTEORÍAS CRIMINOLÓGICAS
942 _cBK
_2ddc
999 _c83
_d83